| 000 | 00668cam a2200229 4500 | ||
|---|---|---|---|
| 001 | J99522 | ||
| 008 | 000000n2000 000 0 eng u | ||
| 035 | _a(Sirsi) u100110 | ||
| 050 | _a333.33709421 | ||
| 110 |
_aKnight Frank _91530 |
||
| 245 | _aCentral London quarterly. - Quarter 1 (1999) - Quarter 4 (1999) | ||
| 260 |
_aLondon _bKnight Frank _c1999-2000 |
||
| 300 | _a4 pt. ; 30cm. | ||
| 650 | _aCITY OF LONDON | ||
| 650 | _aDOCKLANDS | ||
| 650 | _aMIDTOWN | ||
| 650 | _aPROPERTY-COMMERCIAL PROPERTY-OFFICE PROPERTY-OFFICE PROPERTY MARKET | ||
| 650 | _aOFFICES | ||
| 650 | _aWEST END OF LONDON | ||
| 690 | _aPROPERTY-COMMERCIAL PROPERTY | ||
| 942 | _n0 | ||
| 999 |
_c99597 _d99597 |
||